000
00320nam a2200145Ia 4500
100
_a
Matthews/J.H.
942
_c
BK
654
_a
Numerical Methods
245
_a
Numerical Methods For Maths
260
_b
Prentice Hall of India
_a
NewDelhi
_c
1994
082
_a
515
300
_a
656
546
_a
ENGLISH
999
_c
34492
_d
34492